|
|
|
|
| LEADER |
00794cam a2200205 7i4500 |
| 001 |
0000026912 |
| 005 |
20110926090000.0 |
| 020 |
0 |
0 |
|a 9789677013506
|
| 090 |
0 |
0 |
|a M 338.7
|b DOI
|
| 245 |
0 |
0 |
|a Doing business in Malaysia 2011 :
|b guidebook.
|
| 260 |
0 |
0 |
|a Kuala Lumpur:
|b MDC Publishers,
|c 2011.
|
| 300 |
# |
# |
|a 499p.
|
| 650 |
0 |
0 |
|a Business --
|x Handbook, Manuals, etc --
|z Malaysia
|
| 651 |
0 |
0 |
|a Malaysia
|
| 999 |
|
|
|a JHR000290B
|b Book
|c Malaysia
|e MATRADE Southern Regional Office
|
| 999 |
|
|
|a 0000029223
|b Book
|c Malaysia
|e Business Information Centre
|
| 999 |
|
|
|a PNG000999B
|b Book
|c Malaysia
|e MATRADE Northern Regional Office
|
| 999 |
|
|
|a SBH000967B
|b Book
|c Malaysia
|e MATRADE Sabah
|
| 999 |
|
|
|a SRW000394B
|b Book
|c Malaysia
|e MATRADE Sarawak
|
| 999 |
|
|
|a TRG000276B
|b Book
|c Malaysia
|e MATRADE Eastern Regional Office
|